| 000 | 00550nam a2200205Ia 4500 | ||
|---|---|---|---|
| 999 |
_c1409 _d1409 |
||
| 008 | 190805t2003||||ii ad||g||||||||1 ||und|| | ||
| 020 |
_a9780750649889 _cRs. 695.00 |
||
| 040 |
_aKO _beng |
||
| 041 | 0 | _aeng | |
| 082 | 0 | 4 |
_a623.81 _bB53 _223 |
| 100 | 1 | _aBiran, A. B. | |
| 245 | 1 | 0 |
_aShip Hydrostatics and Stability / _cA. B. Biran |
| 260 |
_aNew Delhi : _bElsevier , _c2003. |
||
| 300 |
_axvi, 344 p. : _bill., charts ; _c23 cm. |
||
| 504 | _aIncludes Index. | ||
| 650 | 0 |
_aShips _xHydrodynamics |
|
| 904 | _aA_BOSE | ||
| 942 | _cBK | ||